000 00557nam a2200193 a 4500
001 BRCA_4763
005 20190320204808.0
008 280910s1915----gw-ab#####---#000-0#ger-#
050 4 _aD551
_b.S87 1915
100 1 _aStrantz, Viktor von
_912044
245 1 0 _aIm Kampf gegen die Russen
_cvon Viktor v. Strantz.
260 _aWestfalia
_bW. Koehler
_c[1915]
300 _a176 p.
_bil., mapas
_c20 cm.
500 _aEstado físico: Encuadernación deteriorada
500 _aK4
650 1 4 _aGuerra Europea, 1914-1918
_97797
902 _aGFM
942 _2lcc
_cB
999 _c4461
_d4461